000 00369nam a2200133Ia 4500
003 GCL
008 140319s9999 xx 000 0 eng d
040 _aGCL /
_cGCL
082 0 4 _a729
_bD M
100 1 _aDUTTMANM, MARTINA
245 1 0 _aMORIS LAPIDUS: ACHITECT OF THE AMERICON OREAM /
_cDUTTMANM, MARTINA
260 _a[S.N] :
_bBIRKHAUSER VERLAG ،
_c1992
300 _a247
999 _c17082
_d17082